00589nam a2200181 a 450000100060000000300080000600500170001400800410003103500190007204000260009104100080011708200260012510000310015124500940018226000880027630000250036465000180038985994BD-RjUL20251124145159.0220419r19641961enk 000 d eng d a(BD-RjUL)85994 aBD-RjULbengcBD-RjUL aeng 223a822.912bSHH 19641 aShaw, Bernard,d1856-1950.10aHeartbreak House :ba fantasia in the Russian manner on English themes /cby Bernard Shaw aLondon :bLongmans ;bGree in association with Constable, c1961, [Impression 1964] a197 pages ; c19 cm. aEnglish drama